Movies Quiz

Random Movies or Show Quiz

Produced by George Lucas Quiz Stats

Quiz not verified by Sporcle

Also try: Movie Taglines
Challenge
Share
Tweet
Embed
Score 0/16 Timer 07:00
0 Plays Today
% Correct
Empire Strikes Back
84.1%
Return of the Jedi
79.7%
Raiders of the lost ark
71%
The Phantom Menace
65.2%
Attack of the Clones
65.2%
Revenge of the Sith
65.2%
The last Crusade
59.4%
A new hope
58%
% Correct
The Temple of Doom
58%
The kingdom of the crystal skull
52.2%
The Clone Wars
36.2%
THX 1138
34.8%
American Grafitti
29%
More American Grafitti
5.8%
Ewok adventures
4.3%
The land before time
4.3%

You're not logged in!

Compare scores with friends on all Sporcle quizzes.
Sign Up with Email
OR
Log In

You Might Also Like...

Show Comments

Extras

Top Quizzes Today


Score Distribution

Your Account Isn't Verified!

In order to create a playlist on Sporcle, you need to verify the email address you used during registration. Go to your Sporcle Settings to finish the process.

Report this User

Report this user for behavior that violates our Community Guidelines.

Details: